Normal view
MARC view
- Management
Entry Topical Term
001 - CONTROL NUMBER
- control field: 69222
003 - CONTROL NUMBER IDENTIFIER
- control field: OSt
005 - DATE AND TIME OF LATEST TRANSACTION
- control field: 20220806111548.0
008 - FIXED-LENGTH DATA ELEMENTS
- fixed length control field: 220806|| aca||aabn | a|a d
040 ## - CATALOGING SOURCE
- Original cataloging agency: OSt
- Transcribing agency: OSt
150 ## - HEADING--TOPICAL TERM
- Topical term or geographic name entry element: Management
670 ## - SOURCE DATA FOUND
- Source citation: Work cat.: (OSt)38842: Patil, S. R. And Others 69221, Linear Algebra (sem-ii), 2014